| 000 | 00498cam a22001337a 4500 | ||
|---|---|---|---|
| 008 | 180718b2004 xxu||||| |||| 00| 0 eng d | ||
| 082 | _aAPPPA/2003-04/NAF/25 | ||
| 100 | _aNafri, S.K. | ||
| 245 |
_aRole effectiveness of ordnance factories and challenges ahead _cby S.K. Nafri |
||
| 260 |
_aNew Delhi _bIndian Institute of Public Administration _c2004 |
||
| 300 | _a143p. | ||
| 500 | _aAn APPPA M.Phil dissertation, 2003-04 (Guide: Prof. (Mrs.) Rajesh Singh) | ||
| 650 | _aOrdonance industries - India | ||
| 999 |
_c492929 _d492929 |
||